[Event "24. Open de la Sal San Fernando"]
[Site "San Fernando ESP"]
[Date "2011.07.16"]
[Round "1.2"]
[White "Garrido Dominguez, Jesus"]
[Black "Ibarrola Arino, Jose Ignacio"]
[Result "1-0"]
[WhiteElo "2398"]
[BlackElo "1823"]
[PlyCount "87"]
[EventDate "2011.07.16"]
[EventType "swiss"]
[EventRounds "7"]
[EventCountry "ESP"]
[Source "lmi"]
[SourceDate "2011.07.16"]

1. e4 e6 2. d4 d5 3. Nd2 c5 4. exd5 Qxd5 5. Ngf3 Nc6 6. Bc4 Qd8 7. Nb3 cxd4 8.
O-O Nf6 9. Nbxd4 Be7 10. Nxc6 Qxd1 11. Rxd1 bxc6 12. Nd4 Bb7 13. Nb3 O-O 14.
Na5 Bc8 15. Nxc6 Bc5 16. Be2 Bb7 17. Bf3 Bxc6 18. Bxc6 Rad8 19. Bd2 Rd6 20. Bf3
Rfd8 21. Ba5 Rxd1+ 22. Rxd1 Rxd1+ 23. Bxd1 Ne4 24. Be1 Kf8 25. Kf1 Bd4 26. c3
Bf6 27. f3 Nd6 28. Ke2 Ke7 29. Kd3 Kd7 30. b4 Kc6 31. c4 a6 32. a4 Kb7 33. c5
Nf5 34. Bf2 Kc6 35. Kc4 Ne7 36. b5+ axb5+ 37. axb5+ Kc7 38. Bg3+ e5 39. Bc2 g6
40. b6+ Kb7 41. Kb5 Nf5 42. c6+ Kb8 43. Bxf5 gxf5 44. Ka6 1-0

[Event "24. Open de la Sal San Fernando"]
[Site "San Fernando ESP"]
[Date "2011.07.16"]
[Round "1.3"]
[White "Aguirre Fernandez, Carlos"]
[Black "Burgos Figueroa, Carlos E"]
[Result "0-1"]
[WhiteElo "1800"]
[BlackElo "2302"]
[PlyCount "66"]
[EventDate "2011.07.16"]
[EventType "swiss"]
[EventRounds "7"]
[EventCountry "ESP"]
[Source "lmi"]
[SourceDate "2011.07.16"]

1. d4 Nf6 2. c4 c5 3. d5 b5 4. cxb5 a6 5. bxa6 Bxa6 6. Nc3 d6 7. g3 g6 8. Bg2
Bg7 9. Nf3 Nbd7 10. O-O O-O 11. Rb1 Ng4 12. Bd2 Nge5 13. b3 Nxf3+ 14. Bxf3 Ne5
15. Bg2 Qd7 16. Re1 Rfb8 17. h3 Qa7 18. Kh2 Bc8 19. f4 Nd7 20. a4 Nb6 21. Nb5
Qb7 22. Nc3 Qd7 23. e4 Ba6 24. e5 Bb7 25. e6 fxe6 26. Rxe6 Nxd5 27. Rxg6 hxg6
28. Nxd5 Ra7 29. Qc2 e6 30. Nb6 Qf7 31. Bf1 Ba8 32. a5 Rxb6 33. axb6 Qb7 0-1

[Event "24. Open de la Sal San Fernando"]
[Site "San Fernando ESP"]
[Date "2011.07.16"]
[Round "1.4"]
[White "Montero Melendez, Rafael"]
[Black "Gonzalez Blazquez, Juan Manuel"]
[Result "1-0"]
[WhiteElo "2278"]
[BlackElo "1798"]
[PlyCount "77"]
[EventDate "2011.07.16"]
[EventType "swiss"]
[EventRounds "7"]
[EventCountry "ESP"]
[Source "lmi"]
[SourceDate "2011.07.16"]

1. c4 Nf6 2. Nc3 d5 3. cxd5 Nxd5 4. g3 g6 5. Bg2 c6 6. Nf3 Bg7 7. O-O O-O 8.
Re1 e5 9. Qc2 Be6 10. d3 h6 11. a3 Nd7 12. Na4 Rc8 13. e4 N5b6 14. b4 Nxa4 15.
Qxa4 Nb6 16. Qxa7 Qc7 17. Be3 Nd7 18. Qa4 b5 19. Qc2 Nb6 20. Nd2 Na4 21. Nb3
Bxb3 22. Qxb3 Kh7 23. Rac1 Rcd8 24. Red1 Rd6 25. d4 exd4 26. Bf4 Rfd8 27. Bxd6
Rxd6 28. f4 Nc3 29. e5 Rd7 30. Rxc3 dxc3 31. Rxd7 Qxd7 32. Qxc3 c5 33. bxc5 Bf8
34. c6 Qa7+ 35. Kh1 Bxa3 36. c7 Bb4 37. c8=Q Bxc3 38. Qxc3 b4 39. Qb2 1-0

[Event "24. Open de la Sal San Fernando"]
[Site "San Fernando ESP"]
[Date "2011.07.16"]
[Round "1.5"]
[White "Rodriguez Perez, Antonio"]
[Black "Mingo Fernandez, Matias"]
[Result "0-1"]
[WhiteElo "1781"]
[BlackElo "2189"]
[PlyCount "92"]
[EventDate "2011.07.16"]
[EventType "swiss"]
[EventRounds "7"]
[EventCountry "ESP"]
[Source "lmi"]
[SourceDate "2011.07.16"]

1. d4 d5 2. Nf3 Nf6 3. c4 c6 4. Nc3 e6 5. cxd5 exd5 6. g3 Bf5 7. Bg2 Nbd7 8.
O-O h6 9. Re1 Be7 10. Qb3 Qb6 11. Qxb6 axb6 12. Nd2 O-O 13. e4 dxe4 14. Ndxe4
Bb4 15. Bf4 Nxe4 16. Bxe4 Bxe4 17. Rxe4 Nf6 18. Re2 Bxc3 19. bxc3 Nd5 20. Bd2
Ra4 21. Be1 Rfa8 22. Kf1 b5 23. Rb2 Nb6 24. Rc2 Rc4 25. Rb1 Nd5 26. Rbb2 Kf8
27. Bd2 Ke7 28. Rc1 Ra3 29. Rbc2 Kd6 30. Ke2 Ke6 31. h3 Kf5 32. f3 Rca4 33. Ra1
Ra8 34. Kf2 Nb6 35. g4+ Ke6 36. f4 Kd5 37. Bc1 R3a4 38. Ke3 Kc4 39. Kd2 Nd5 40.
f5 Re8 41. Kd1 Nxc3+ 42. Rxc3+ Kxc3 43. Bd2+ Kxd4 44. f6 g5 45. Be1 Kd3 46. h4
Rxg4 0-1

[Event "24. Open de la Sal San Fernando"]
[Site "San Fernando ESP"]
[Date "2011.07.16"]
[Round "2.1"]
[White "Lazarev, Vladimir"]
[Black "Diaz Montenegro, Ignacio"]
[Result "1-0"]
[WhiteElo "2445"]
[BlackElo "1999"]
[PlyCount "78"]
[EventDate "2011.07.16"]
[EventType "swiss"]
[EventRounds "7"]
[EventCountry "ESP"]
[Source "lmi"]
[SourceDate "2011.07.16"]

1. d4 d5 2. c4 c6 3. Nf3 Nf6 4. e3 e6 5. Bd3 Be7 6. O-O dxc4 7. Bxc4 b5 8. Bd3
Bb7 9. a4 a6 10. Qe2 Nbd7 11. Rd1 O-O 12. e4 Qc7 13. Bg5 Rfe8 14. Nbd2 Rac8 15.
e5 Nd5 16. Bxe7 Rxe7 17. Ne4 Nf4 18. Qe3 Nxd3 19. Rxd3 c5 20. Nxc5 Nxc5 21.
dxc5 Bd5 22. axb5 axb5 23. b4 Qb7 24. Rda3 Ree8 25. Ne1 Ra8 26. f3 Rxa3 27.
Rxa3 Ra8 28. Nc2 Ra4 29. Qc3 h6 30. Kf2 Qe7 31. Rxa4 bxa4 32. b5 Qh4+ 33. Kg1
Bb3 34. c6 Qd8 35. c7 Qc8 36. Nb4 a3 37. b6 a2 38. Nxa2 Bd5 39. Nb4 Bb7 1-0

[Event "24. Open de la Sal San Fernando"]
[Site "San Fernando ESP"]
[Date "2011.07.16"]
[Round "2.3"]
[White "Burgos Figueroa, Carlos E"]
[Black "Garcia De Lomas Guerrero, Carlo"]
[Result "1-0"]
[WhiteElo "2302"]
[BlackElo "1980"]
[PlyCount "87"]
[EventDate "2011.07.16"]
[EventType "swiss"]
[EventRounds "7"]
[EventCountry "ESP"]
[Source "lmi"]
[SourceDate "2011.07.16"]

1. Nf3 Nf6 2. b3 d5 3. Bb2 e6 4. e3 Nbd7 5. Be2 b6 6. c4 Bb7 7. O-O Be7 8. d3
O-O 9. Nbd2 Re8 10. a3 Bf8 11. Qc2 e5 12. cxd5 Nxd5 13. Rac1 c5 14. Rfd1 Rc8
15. Qb1 Kh8 16. Ne4 Qe7 17. Ng3 h6 18. Nd2 Qg5 19. Nde4 Qg6 20. Bh5 Qe6 21. Bf3
Ba8 22. Re1 Ne7 23. Nd2 Bxf3 24. Nxf3 Nf5 25. Qc2 Nd6 26. Ne4 Nxe4 27. dxe4 Rc6
28. Red1 f6 29. a4 Nb8 30. Nd2 Be7 31. Nc4 a6 32. Rd5 b5 33. axb5 axb5 34. Na3
Rb6 35. Qe2 Qc6 36. Nb1 Na6 37. Ba3 Nc7 38. Rdd1 b4 39. Bb2 Qxe4 40. Nd2 Qf5
41. Nc4 Rb7 42. Rd3 Rd8 43. Rxd8+ Bxd8 44. Nd6 1-0

[Event "24. Open de la Sal San Fernando"]
[Site "San Fernando ESP"]
[Date "2011.07.16"]
[Round "2.4"]
[White "Garcia Del Campo, Efren"]
[Black "Montero Melendez, Rafael"]
[Result "0-1"]
[WhiteElo "1917"]
[BlackElo "2278"]
[PlyCount "110"]
[EventDate "2011.07.16"]
[EventType "swiss"]
[EventRounds "7"]
[EventCountry "ESP"]
[Source "lmi"]
[SourceDate "2011.07.16"]

1. e4 d6 2. d4 Nf6 3. Nc3 g6 4. f3 c6 5. Be3 Qb6 6. Qc1 Bg7 7. Bc4 h5 8. Nge2
Qc7 9. a4 Nbd7 10. a5 O-O 11. Bh6 e5 12. Qg5 Kh7 13. Bxg7 Kxg7 14. O-O b5 15.
Ba2 b4 16. Nd1 Nh7 17. Qd2 Ba6 18. c3 Qxa5 19. Ne3 Qb6 20. Bc4 bxc3 21. bxc3
Bxc4 22. Nxc4 Qc7 23. f4 Nb6 24. Ne3 c5 25. f5 Nf6 26. Qd3 exd4 27. cxd4 Rae8
28. Nc3 cxd4 29. Qxd4 Qc5 30. Qxc5 dxc5 31. fxg6 Kxg6 32. Rxa7 Nxe4 33. Ra6
Nxc3 34. Rxb6+ f6 35. Rf3 Ne4 36. Nd5 c4 37. Rc6 Re5 38. Rxc4 Nd2 39. Rg3+ Kh6
40. Rd4 Ne4 41. Rgd3 Rb8 42. g3 Rb2 43. Nf4 Nxg3 44. Rd2 Rb1+ 45. Rd1 Rxd1+ 46.
Rxd1 Ne2+ 47. Nxe2 Rxe2 48. Rf1 Kg5 49. Rf2 Rxf2 50. Kxf2 Kf4 51. Kg2 Ke3 52.
Kg1 Ke2 53. Kg2 h4 54. Kh3 f5 55. Kxh4 f4 0-1

[Event "24. Open de la Sal San Fernando"]
[Site "San Fernando ESP"]
[Date "2011.07.16"]
[Round "2.5"]
[White "Mingo Fernandez, Matias"]
[Black "Martinez Gonzalez, Francisco Ii"]
[Result "1/2-1/2"]
[WhiteElo "2189"]
[BlackElo "1912"]
[PlyCount "59"]
[EventDate "2011.07.16"]
[EventType "swiss"]
[EventRounds "7"]
[EventCountry "ESP"]
[Source "lmi"]
[SourceDate "2011.07.16"]

1. d4 d5 2. Nf3 Nf6 3. Bf4 Bf5 4. e3 c6 5. Be2 e6 6. O-O Bd6 7. Ne5 h6 8. Nd2
O-O 9. c4 Bc7 10. c5 Nfd7 11. Nxd7 Nxd7 12. Bxc7 Qxc7 13. b4 e5 14. Nb3 e4 15.
a4 Be6 16. b5 f5 17. a5 f4 18. exf4 Qxf4 19. a6 bxa6 20. bxc6 Nf6 21. Rxa6 e3
22. f3 Bc8 23. Ra3 Nh5 24. Na1 Qg5 25. Kh1 Nf4 26. g3 Nh3 27. Qc1 Nf2+ 28. Kg1
Nh3+ 29. Kh1 Nf2+ 30. Kg1 1/2-1/2

[Event "24. Open de la Sal San Fernando"]
[Site "San Fernando ESP"]
[Date "2011.07.17"]
[Round "3.1"]
[White "Luna Cortes, Luis"]
[Black "Lazarev, Vladimir"]
[Result "0-1"]
[WhiteElo "2143"]
[BlackElo "2445"]
[PlyCount "62"]
[EventDate "2011.07.16"]
[EventType "swiss"]
[EventRounds "7"]
[EventCountry "ESP"]
[Source "lmi"]
[SourceDate "2011.07.16"]

1. d4 Nf6 2. Nf3 c5 3. c3 Qc7 4. g3 b6 5. Bg2 Bb7 6. O-O g6 7. Bg5 Bg7 8. Nbd2
d6 9. Re1 O-O 10. e4 h6 11. Be3 Ng4 12. d5 Nxe3 13. Rxe3 Nd7 14. Qc2 b5 15. h4
c4 16. Rf1 Rae8 17. Qd1 Qb6 18. Qe2 Nc5 19. h5 e6 20. hxg6 fxg6 21. dxe6 Rxe6
22. Nh4 Nd3 23. f4 d5 24. e5 g5 25. fxg5 Rxe5 26. Rxf8+ Bxf8 27. Nf1 Bc5 28.
gxh6 Bxe3+ 29. Kh1 Nf2+ 30. Kh2 Qxh6 31. Qf3 Bb6 0-1

[Event "24. Open de la Sal San Fernando"]
[Site "San Fernando ESP"]
[Date "2011.07.17"]
[Round "3.2"]
[White "Garrido Dominguez, Jesus"]
[Black "Castellanos Bogalo, Antonio"]
[Result "1-0"]
[WhiteElo "2398"]
[BlackElo "2092"]
[PlyCount "69"]
[EventDate "2011.07.16"]
[EventType "swiss"]
[EventRounds "7"]
[EventCountry "ESP"]
[Source "lmi"]
[SourceDate "2011.07.16"]

1. e4 e5 2. Nf3 Nc6 3. Bb5 a6 4. Bxc6 dxc6 5. O-O f6 6. d4 exd4 7. Nxd4 Ne7 8.
Nc3 c5 9. Nde2 Qxd1 10. Rxd1 Be6 11. Bf4 Rc8 12. Be3 Nc6 13. Nf4 Bf7 14. Nfd5
Nb4 15. Bf4 Bd6 16. Bxd6 cxd6 17. Ne3 Rd8 18. a3 Nc6 19. Nf5 O-O 20. Nxd6 Rb8
21. Nd5 Rfd8 22. Nxf7 Kxf7 23. Ne3 Ke6 24. Rd5 b6 25. Rad1 g6 26. f4 f5 27.
exf5+ gxf5 28. Kf2 Rxd5 29. Rxd5 Rf8 30. c3 Rf7 31. Rd1 Rg7 32. Nc4 Na5 33.
Re1+ Kd5 34. Nxb6+ Kc6 35. Re6+ 1-0

[Event "24. Open de la Sal San Fernando"]
[Site "San Fernando ESP"]
[Date "2011.07.17"]
[Round "3.3"]
[White "Ruiz Ledo, Antonio"]
[Black "Burgos Figueroa, Carlos E"]
[Result "1/2-1/2"]
[WhiteElo "2045"]
[BlackElo "2302"]
[PlyCount "67"]
[EventDate "2011.07.16"]
[EventType "swiss"]
[EventRounds "7"]
[EventCountry "ESP"]
[Source "lmi"]
[SourceDate "2011.07.16"]

1. Nf3 c5 2. c4 Nc6 3. g3 g6 4. Bg2 Bg7 5. O-O e5 6. Nc3 Nge7 7. d3 O-O 8. Ne1
a6 9. Nc2 b5 10. Ne3 Rb8 11. Ncd5 d6 12. b3 Bb7 13. Bb2 Nxd5 14. Nxd5 Ne7 15.
Nxe7+ Qxe7 16. Qc2 f5 17. Bxb7 Rxb7 18. a4 b4 19. e4 f4 20. f3 h5 21. Qg2 Qe6
22. g4 hxg4 23. Qxg4 Qxg4+ 24. fxg4 Bf6 25. Bc1 Rh7 26. Rf3 Kf7 27. Kg2 Rfh8
28. h3 Bh4 29. Bd2 Bg3 30. Rh1 Ke6 31. Rff1 Bh4 32. Rf3 Bg3 33. Rff1 Bh4 34.
Rf3 1/2-1/2

[Event "24. Open de la Sal San Fernando"]
[Site "San Fernando ESP"]
[Date "2011.07.17"]
[Round "3.4"]
[White "Montero Melendez, Rafael"]
[Black "Perez Montero, Enrique"]
[Result "1-0"]
[WhiteElo "2278"]
[BlackElo "1860"]
[PlyCount "61"]
[EventDate "2011.07.16"]
[EventType "swiss"]
[EventRounds "7"]
[EventCountry "ESP"]
[Source "lmi"]
[SourceDate "2011.07.16"]

1. c4 Nf6 2. g3 e5 3. Bg2 d5 4. cxd5 Nxd5 5. Nf3 Nc6 6. Nc3 Be6 7. O-O Be7 8.
d4 Nxc3 9. bxc3 e4 10. Ne5 Nxe5 11. dxe5 Qxd1 12. Rxd1 Bf5 13. Rd4 Bc5 14. Rc4
Bb6 15. Bxe4 Be6 16. Bxb7 Bxc4 17. Bxa8 O-O 18. Bf3 Re8 19. Bf4 h6 20. h4 g5
21. hxg5 hxg5 22. Bxg5 Rxe5 23. Bf4 Ra5 24. a3 Bc5 25. Bxc7 Rb5 26. a4 Rb3 27.
Be5 Bb6 28. Bd4 Ba5 29. Rc1 a6 30. Kg2 Ra3 31. Bf6 1-0

[Event "24. Open de la Sal San Fernando"]
[Site "San Fernando ESP"]
[Date "2011.07.17"]
[Round "3.5"]
[White "Garcia Jimenez, Francisco Javie"]
[Black "Martinez Gonzalez, Francisco Ii"]
[Result "1-0"]
[WhiteElo "2288"]
[BlackElo "1912"]
[PlyCount "83"]
[EventDate "2011.07.16"]
[EventType "swiss"]
[EventRounds "7"]
[EventCountry "ESP"]
[Source "lmi"]
[SourceDate "2011.07.16"]

1. e4 e5 2. Nf3 d6 3. Nc3 Nf6 4. g3 Be7 5. Bg2 O-O 6. O-O c6 7. d4 Qc7 8. h3
Re8 9. Bg5 Nbd7 10. a3 Bf8 11. Re1 h6 12. Be3 b5 13. Qd3 a6 14. Rad1 Nb6 15.
Kh2 Nc4 16. Bc1 Bb7 17. Nh4 Rad8 18. Nf5 Bc8 19. Ne3 Nxe3 20. Bxe3 c5 21. d5
Nh7 22. f4 f6 23. Rf1 Be7 24. Rf2 Rf8 25. Rdf1 g5 26. Bf3 Bd7 27. Bh5 Qc8 28.
fxe5 fxe5 29. Bf7+ Kg7 30. Be6 Rxf2+ 31. Bxf2 Rf8 32. Bxd7 Qxd7 33. Nd1 Nf6 34.
Ne3 h5 35. Nf5+ Kg6 36. Qf3 Nh7 37. Be3 Bf6 38. Bd2 Rb8 39. h4 b4 40. g4 hxg4
41. Qxg4 Qd8 42. Ng3 1-0

[Event "24. Open de la Sal San Fernando"]
[Site "San Fernando ESP"]
[Date "2011.07.17"]
[Round "4.1"]
[White "Lazarev, Vladimir"]
[Black "Garrido Dominguez, Jesus"]
[Result "1/2-1/2"]
[WhiteElo "2445"]
[BlackElo "2398"]
[PlyCount "64"]
[EventDate "2011.07.16"]
[EventType "swiss"]
[EventRounds "7"]
[EventCountry "ESP"]
[Source "lmi"]
[SourceDate "2011.07.16"]

1. d4 Nf6 2. c4 c5 3. d5 b5 4. cxb5 a6 5. bxa6 g6 6. Nc3 Bxa6 7. g3 Bg7 8. Bg2
d6 9. Nf3 Nfd7 10. O-O Nb6 11. Re1 N8d7 12. Qc2 Nc4 13. Nd2 Nce5 14. b3 O-O 15.
Bb2 Qa5 16. a3 Rfb8 17. Na2 Qb6 18. Bc3 Bb7 19. a4 Qa7 20. h3 c4 21. a5 cxb3
22. Nxb3 Rc8 23. Qd1 Rab8 24. Bd4 Qa8 25. Nc3 Nc5 26. Nxc5 dxc5 27. Bxe5 Bxe5
28. Qd2 Bxc3 29. Qxc3 Bxd5 30. Bxd5 Qxd5 31. a6 Ra8 32. Ra5 Ra7 1/2-1/2

[Event "24. Open de la Sal San Fernando"]
[Site "San Fernando ESP"]
[Date "2011.07.17"]
[Round "4.2"]
[White "Burgos Figueroa, Carlos E"]
[Black "Montero Melendez, Rafael"]
[Result "1/2-1/2"]
[WhiteElo "2302"]
[BlackElo "2278"]
[PlyCount "90"]
[EventDate "2011.07.16"]
[EventType "swiss"]
[EventRounds "7"]
[EventCountry "ESP"]
[Source "lmi"]
[SourceDate "2011.07.16"]

1. e4 e5 2. Nf3 Nc6 3. Bc4 Bc5 4. c3 Nf6 5. d4 exd4 6. cxd4 Bb4+ 7. Nc3 Nxe4 8.
O-O Bxc3 9. d5 Bf6 10. Re1 Ne7 11. Rxe4 d6 12. g4 O-O 13. h4 Ng6 14. g5 Bf5 15.
Re1 Bg4 16. gxf6 Qxf6 17. Be2 Bxf3 18. Bxf3 Nxh4 19. Bh1 Qg6+ 20. Kf1 Qf5 21.
Qd4 Qh3+ 22. Kg1 Rae8 23. Bd2 Nf3+ 24. Bxf3 Qxf3 25. Bc3 f6 26. Rxe8 Rxe8 27.
Re1 Re5 28. Rxe5 dxe5 29. Qc4 Qf4 30. Qb5 Qc1+ 31. Kg2 Qg5+ 32. Kf1 h5 33. Qxb7
Qc1+ 34. Ke2 Qc2+ 35. Ke3 Qc1+ 36. Kd3 Qf1+ 37. Ke3 Qc1+ 38. Bd2 Qc5+ 39. Kf3
Kh7 40. Be3 Qc4 41. Kg3 Qg4+ 42. Kh2 Qh4+ 43. Kg2 Qg4+ 44. Kh2 Qh4+ 45. Kg2
Qg4+ 1/2-1/2

[Event "24. Open de la Sal San Fernando"]
[Site "San Fernando ESP"]
[Date "2011.07.17"]
[Round "4.3"]
[White "Segarra Calderer, Albert"]
[Black "Garcia Jimenez, Francisco Javie"]
[Result "0-1"]
[WhiteElo "2099"]
[BlackElo "2288"]
[PlyCount "56"]
[EventDate "2011.07.16"]
[EventType "swiss"]
[EventRounds "7"]
[EventCountry "ESP"]
[Source "lmi"]
[SourceDate "2011.07.16"]

1. c4 e5 2. Nc3 Nc6 3. Nf3 g6 4. g3 Bg7 5. Bg2 Nge7 6. O-O O-O 7. d3 h6 8. Rb1
a5 9. a3 f5 10. Nd2 d6 11. e3 Be6 12. Nd5 Qd7 13. b4 axb4 14. axb4 Nc8 15. b5
Nd8 16. b6 c6 17. Nc7 Rb8 18. Qc2 Bf7 19. c5 dxc5 20. Qxc5 Qxd3 21. Qa5 Ne6 22.
Rb3 Qd7 23. Ba3 Rd8 24. Nc4 Nxb6 25. Nxe5 Bxe5 26. Qxe5 Nc4 27. Qf6 Nxc7 28.
Bc5 Ne8 0-1

[Event "24. Open de la Sal San Fernando"]
[Site "San Fernando ESP"]
[Date "2011.07.17"]
[Round "4.4"]
[White "Mingo Fernandez, Matias"]
[Black "Ruiz Ledo, Antonio"]
[Result "1-0"]
[WhiteElo "2189"]
[BlackElo "2045"]
[PlyCount "87"]
[EventDate "2011.07.16"]
[EventType "swiss"]
[EventRounds "7"]
[EventCountry "ESP"]
[Source "lmi"]
[SourceDate "2011.07.16"]

1. d4 e6 2. Nf3 f5 3. Bf4 Nf6 4. e3 d5 5. Be2 Bd6 6. Ne5 O-O 7. O-O Qe7 8. c4
c6 9. c5 Bxe5 10. Bxe5 Ne8 11. b4 Nd7 12. f4 Nxe5 13. dxe5 a5 14. Qb3 Qc7 15.
Nd2 axb4 16. Qxb4 Qa5 17. a3 Nc7 18. Nb3 Qa7 19. a4 Na6 20. Qb6 Qxb6 21. cxb6
Nb4 22. Rfc1 Kf7 23. a5 d4 24. exd4 Rd8 25. g3 h6 26. Ra4 Nd5 27. Nc5 g5 28.
fxg5 hxg5 29. Bf3 Rb8 30. Bxd5 Rxd5 31. Kf2 Kg6 32. Ke3 Rd8 33. Rb4 Rh8 34. Rc2
f4+ 35. gxf4 Kf5 36. fxg5 Rh3+ 37. Kd2 Rxh2+ 38. Kc3 Rh3+ 39. Kb2 Kxg5 40. Rf2
Rh7 41. Ne4+ Kg6 42. Rb3 Rh4 43. Rg3+ Kh7 44. Nf6+ 1-0

[Event "24. Open de la Sal San Fernando"]
[Site "San Fernando ESP"]
[Date "2011.07.17"]
[Round "4.5"]
[White "Garcia De Lomas Guerrero, Carlo"]
[Black "Luna Cortes, Luis"]
[Result "0-1"]
[WhiteElo "1980"]
[BlackElo "2143"]
[PlyCount "138"]
[EventDate "2011.07.16"]
[EventType "swiss"]
[EventRounds "7"]
[EventCountry "ESP"]
[Source "lmi"]
[SourceDate "2011.07.16"]

1. e4 c5 2. Nf3 a6 3. c4 e6 4. d4 cxd4 5. Nxd4 Qc7 6. Be3 Nf6 7. Nc3 Bb4 8. f3
Bxc3+ 9. bxc3 d5 10. Bd3 e5 11. cxd5 exd4 12. Bxd4 Nbd7 13. Kf2 O-O 14. g4 Qf4
15. Kg2 h5 16. h3 Ne5 17. Be2 Ng6 18. Qc1 Qd6 19. Qg5 Nh7 20. Qe3 Nf4+ 21. Kf2
Nxe2 22. Kxe2 h4 23. Bc5 Qd8 24. Bxf8 Nxf8 25. f4 Bd7 26. Kf3 Rc8 27. Rhb1 Qc7
28. Rc1 b5 29. a4 Qc4 30. Qe2 Qc7 31. Qe3 g5 32. f5 f6 33. Kg2 Qc4 34. axb5
Bxb5 35. Rab1 Qa2+ 36. Qf2 Qa3 37. Qd4 Nd7 38. Ra1 Qd6 39. Qe3 Ne5 40. Rab1 Nc4
41. Qf2 Qe5 42. Re1 Qd6 43. Rbd1 Qe5 44. d6 Rd8 45. Rd5 Qxc3 46. Kh2 Rxd6 47.
Rxd6 Qe5+ 48. Kg1 Qxd6 49. Rc1 Kg7 50. Rc3 Ne5 51. Rc8 Nc6 52. Kg2 Qd7 53. Ra8
Qb7 54. Re8 Ne5 55. Re6 Qxe4+ 56. Kg1 Qd4 57. Qxd4 Nf3+ 58. Kf2 Nxd4 59. Re7+
Kf8 60. Ra7 Nc6 61. Rb7 Ne5 62. Ra7 Nd7 63. Ke3 Ke7 64. Kd4 Kd6 65. Ra8 Bf1 66.
Ra7 Ne5 67. Ra8 a5 68. Rd8+ Ke7 69. Ra8 Bxh3 0-1

[Event "24. Open de la Sal San Fernando"]
[Site "San Fernando ESP"]
[Date "2011.07.18"]
[Round "5.1"]
[White "Garcia Jimenez, Francisco Javie"]
[Black "Lazarev, Vladimir"]
[Result "1/2-1/2"]
[WhiteElo "2288"]
[BlackElo "2445"]
[PlyCount "42"]
[EventDate "2011.07.16"]
[EventType "swiss"]
[EventRounds "7"]
[EventCountry "ESP"]
[Source "lmi"]
[SourceDate "2011.07.16"]

1. e4 c5 2. Nc3 e6 3. Nge2 Nc6 4. g3 a6 5. a4 Nf6 6. Bg2 d6 7. O-O Be7 8. d3
Rb8 9. Bf4 O-O 10. h3 b5 11. axb5 axb5 12. Qd2 b4 13. Nd1 Bb7 14. g4 Ra8 15.
Ne3 Nd7 16. Bg3 Qc7 17. f4 Rxa1 18. Rxa1 Ra8 19. Rxa8+ Bxa8 20. c3 Qa7 21. Kh2
Bb7 1/2-1/2

[Event "24. Open de la Sal San Fernando"]
[Site "San Fernando ESP"]
[Date "2011.07.18"]
[Round "5.2"]
[White "Garrido Dominguez, Jesus"]
[Black "Montero Melendez, Rafael"]
[Result "1-0"]
[WhiteElo "2398"]
[BlackElo "2278"]
[PlyCount "105"]
[EventDate "2011.07.16"]
[EventType "swiss"]
[EventRounds "7"]
[EventCountry "ESP"]
[Source "lmi"]
[SourceDate "2011.07.16"]

1. e4 e5 2. Nf3 Nc6 3. Bb5 Nf6 4. O-O Nxe4 5. d4 Nd6 6. Bxc6 dxc6 7. dxe5 Nf5
8. Qxd8+ Kxd8 9. h3 Ne7 10. b3 Ng6 11. Bb2 Be7 12. Nc3 Bd7 13. Rad1 Ke8 14. Ne4
Nf4 15. Rfe1 Ne6 16. Nd4 Rd8 17. Nf5 Bc8 18. Rxd8+ Bxd8 19. Rd1 Be7 20. g3 h5
21. f4 Bf8 22. Nh4 Nc5 23. Nf2 Rg8 24. Nf3 g6 25. Kg2 Ne6 26. Bc1 b6 27. c4 a5
28. Be3 Bc5 29. Bxc5 Nxc5 30. g4 Ke7 31. Kg3 hxg4 32. hxg4 Ne6 33. Ne4 a4 34.
Nf6 Rd8 35. Rxd8 Nxd8 36. Nd4 axb3 37. axb3 Ba6 38. f5 gxf5 39. gxf5 Bc8 40.
Kf4 Bb7 41. Kg5 Ba6 42. Nc2 Nb7 43. Nb4 Nc5 44. Nxc6+ Kf8 45. Nd4 Bc8 46. Nd5
Na6 47. e6 fxe6 48. fxe6 c5 49. e7+ Kf7 50. Nc6 Bd7 51. Ne5+ Ke6 52. Nxd7 Kxd7
53. Kf6 1-0

[Event "24. Open de la Sal San Fernando"]
[Site "San Fernando ESP"]
[Date "2011.07.18"]
[Round "5.3"]
[White "Castellanos Bogalo, Antonio"]
[Black "Burgos Figueroa, Carlos E"]
[Result "1/2-1/2"]
[WhiteElo "2092"]
[BlackElo "2302"]
[PlyCount "120"]
[EventDate "2011.07.16"]
[EventType "swiss"]
[EventRounds "7"]
[EventCountry "ESP"]
[Source "lmi"]
[SourceDate "2011.07.16"]

1. e4 g6 2. g3 Bg7 3. Bg2 c5 4. Nh3 Nc6 5. O-O e6 6. d3 Nge7 7. Nc3 d6 8. f4
O-O 9. Kh1 f5 10. Nf2 d5 11. Ne2 Rb8 12. c3 b6 13. Qc2 Ba6 14. Rd1 Qc8 15. g4
Rd8 16. Ng3 Kh8 17. Rg1 c4 18. exf5 cxd3 19. Nxd3 exf5 20. gxf5 Nd4 21. Qd1
Ndxf5 22. Nxf5 Nxf5 23. Ne5 Qe6 24. Qg4 d4 25. Nc6 dxc3 26. Nxd8 Rxd8 27. bxc3
h5 28. Qf3 Nh4 29. Qc6 Rd6 30. Qa8+ Kh7 31. f5 gxf5 32. Bf4 Rd7 33. Rge1 Qc4
34. Bc6 Qxf4 35. Bxd7 Nf3 36. Bxf5+ Qxf5 37. Qe4 Qxe4 38. Rxe4 Ne5 39. Ra4 Bb7+
40. Kg1 a6 41. Rd1 b5 42. Rf4 Nf3+ 43. Kf2 Nxh2 44. Rd7 Bc8 45. Rc7 Be6 46. Re4
Ng4+ 47. Kg3 Bxa2 48. Ree7 Kg6 49. Rxg7+ Kf5 50. Ra7 Nf6 51. Rgc7 Bc4 52. Rc5+
Ke4 53. Rxa6 Nd7 54. Rxh5 Ne5 55. Ra8 Nf7 56. Kf2 Kd3 57. Rh3+ Kc2 58. Ke1 Ne5
59. Rb8 Nd3+ 60. Rxd3 Kxd3 1/2-1/2

[Event "24. Open de la Sal San Fernando"]
[Site "San Fernando ESP"]
[Date "2011.07.18"]
[Round "5.4"]
[White "Gil Belizon, Diego"]
[Black "Mingo Fernandez, Matias"]
[Result "0-1"]
[WhiteElo "1727"]
[BlackElo "2189"]
[PlyCount "90"]
[EventDate "2011.07.16"]
[EventType "swiss"]
[EventRounds "7"]
[EventCountry "ESP"]
[Source "lmi"]
[SourceDate "2011.07.16"]

1. d4 d5 2. Nf3 Nf6 3. b3 Bf5 4. e3 e6 5. Bd3 Ne4 6. O-O Nd7 7. Bb2 Qf6 8. Nbd2
Bd6 9. c4 c6 10. Qe2 Qh6 11. g3 Bg4 12. Bxe4 dxe4 13. Nxe4 Be7 14. Ned2 Bb4 15.
Qd3 Qh5 16. e4 Bxd2 17. Nxd2 Be2 18. Qc3 Bxf1 19. Rxf1 O-O 20. d5 e5 21. c5
Rac8 22. d6 Qe2 23. f4 f6 24. Rf2 Qb5 25. b4 a5 26. Qb3+ Kh8 27. Bc3 axb4 28.
Bxb4 Ra8 29. Qc4 Qxc4 30. Nxc4 Kg8 31. a3 Rfe8 32. f5 Kf7 33. Kg2 Reb8 34. Rd2
Ke8 35. Kf3 Ra4 36. Na5 Ra8 37. Nxb7 Rb8 38. Rc2 Rxb7 39. Rc4 Nb8 40. Rc2 Kd7
41. h4 Na6 42. Be1 Rxa3+ 43. Kg4 Rb5 44. Bf2 Raa5 45. Kh5 Nxc5 0-1